000 00666nam a2200217 a 4500
001 000017328
003 DO-SdBNP
005 20240412074246.0
008 100322s1996 dr 000 0 spa d
040 _aDO-SdBNP
_bspa
_cBNPHU
082 4 _aRD863.44
_bV422ju
_222
100 1 _aVega, Maximo,
_922617
_d1966-
245 1 0 _aJuguete de madera /
_cMaximo Vega.
260 _aSantiago de los Caballeros, República Dominicana :
_bEl Bolsillo,
_c1996.
300 _a55 p. ;
_c21 cm.
590 _aInventariado, 2020/VM
650 4 _aNovela dominicano
_929264
650 0 _aLiteratura dominicana.
_967
910 _aValidado. Control de calidad MFF
942 _2ddc
_cLBS1
999 _c16853
_d16853